|
|
|
|
| LEADER |
00000nab a2200000 a 4500 |
| 001 |
vtls000498807 |
| 003 |
SK-MaSNL |
| 005 |
20260304230958.0 |
| 008 |
230313c1993 xo 0 slo |
| 015 |
|
|
|a SNBRB19rr/mm-uuuuu
|
| 035 |
|
|
|a CL0498945
|
| 035 |
|
|
|a urn:nbn:sk:snk-abbnv9
|
| 035 |
|
|
|a (urnnbn)urn:nbn:sk:snk:ar-0049jc
|
| 035 |
|
|
|a (uuid)c418af47-59b1-44a7-b654-39a4054f1b70
|
| 040 |
|
|
|a SNKBUCL
|b slo
|c SNKBUCL
|e AACR2
|
| 041 |
0 |
|
|a slo
|
| 044 |
|
|
|a xo
|c SK
|
| 080 |
|
|
|a 82.035:850-1
|2 1981
|
| 080 |
|
|
|a 850-1.035
|2 1981
|
| 100 |
1 |
|
|a Wildová Tosi, Alena,
|d 1931-2023
|4 aut
|9 520948
|
| 245 |
1 |
0 |
|a Preklady Danteho do slovenčiny
|c Alena Wildová
|
| 300 |
|
|
|b Lit. 23 zázn. v angl., češ., franc., nem., slov., tal.
|
| 600 |
1 |
7 |
|a Dante Alighieri,
|d 1265-1321
|t Božská komédia
|2 snkbucl
|9 119108
|
| 650 |
0 |
7 |
|a literárny preklad
|2 snkbucl
|9 28595
|
| 650 |
0 |
7 |
|a preklady do slovenčiny
|2 snkbucl
|9 59836
|
| 655 |
|
7 |
|a články z novín a časopisov
|2 snkbucl
|9 267496
|
| 773 |
0 |
|
|t Revue svetovej literatúry
|g Roč. 29, č. 5 (1993), s. 76-80
|
| 850 |
|
|
|a Slovenská národná knižnica v Martine
|a MTA001
|
| 852 |
|
|
|a SNK
|b KIS3GCP
|
| 958 |
|
|
|a OND
|
| 958 |
|
|
|a NB
|
| 958 |
|
|
|a RK
|
| 958 |
|
|
|a LX
|
| 958 |
|
|
|a IT
|
| 958 |
|
|
|a EUIPO
|
| 958 |
|
|
|a article15
|
| 999 |
|
|
|c 3186421
|d 3188351
|